• 首页
  • 本馆介绍
  • 公告通知
  • 最新文献
  • 馆藏检索
  • 电子资源
  • 读者导购
  • 参考咨询
  • 我的图书馆
  • 登录
  • 详细信息显示
  • 放入我的书架
  • 预约/预借图书
  • 作者相关作品
  • 分类相关作品
  • 丛书相关作品
  • 出版社相关作品

书目信息

  • 表格格式
  • 工作单格式
  • 卡片格式
题名:
大学数学实验
    
 
作者: 姜启源 编著
分册:  
出版信息: 北京   清华大学出版社  2005.02
页数: 442页
开本: 23cm
丛书名:
单 册:
中图分类: O13-33
科图分类:
主题词: 高等数学
电子资源:
ISBN: 7-302-10140-X
000 00595nam0 2200205 450
001 0532524892
005 20051208084005.31
010    @a7-302-10140-X@dCNY33.00
100    @a20051206d2005 km y0chiy0120 ea
101 0  @achi
102    @aCN@b110000
200 1  @a大学数学实验@Ada xue shu xue shi yan@f姜启源等编著@Fjiang qi yuan deng bian zhu
210    @a北京@c清华大学出版社@d2005.02
215    @a442页@d23cm
300    @a清华大学公共基础平台课教材
606 0  @a高等数学
690    @aO13-33@v4
701  0 @a姜启源@Ajiang qi yuan@4编著
801  0 @aCN@bPFT@c20051208
905    @aBZT@dO13-33@e1@f1
    
    大学数学实验/姜启源等编著.-北京:清华大学出版社,2005.02
    442页;23cm
    清华大学公共基础平台课教材
    
    ISBN 7-302-10140-X:CNY33.00
    
●
相关链接 在五车中查询图书 在当当中查询图书 在豆瓣中查询图书


正题名:大学数学实验     索取号:O13-33/1         预约/预借

序号 登录号 条形码 馆藏地/架位号 状态 备注
1 0441436   201204375   样本书库/样007架B面5层3列/ [索取号:O13-33/1] 在馆    
山东省滨州职业学院图书馆 欢迎您!
大连网信软件有限公司© 版权所有